Komplexná výkonnosť podniku automobilového priemyslu na Slovensku
Na minha lista:
| Autor principal: | |
|---|---|
| Outros Autores: | |
| Formato: | Capítulo de Livro |
| Idioma: | eslovaco |
| Assuntos: | |
| Tags: |
Sem tags, seja o primeiro a adicionar uma tag!
|
MARC
| LEADER | 00000nla a2200000 4500 | ||
|---|---|---|---|
| 001 | 0215575 | ||
| 005 | 20240502073609.8 | ||
| 041 | 0 | |a slo | |
| 044 | |a SK | ||
| 245 | 1 | 0 | |a Komplexná výkonnosť podniku automobilového priemyslu na Slovensku |c Lenka Štofová, Petra Szaryszová |
| 500 | |a Abstrakt | ||
| 610 | 2 | 0 | |a podnik |
| 610 | 2 | 0 | |a výkonnosť podniku |
| 610 | 2 | 0 | |a ukazovatele finančné |
| 610 | 2 | 0 | |a ukazovatele nefinančné |
| 610 | 2 | 0 | |a priemysel automobilový |
| 100 | 1 | |a Štofová, Lenka, 1989- | |
| 700 | 1 | |a Szaryszová, Petra, 1984- | |